Score 0/16 Timer 02:00
0 Plays Today
Clue 5-Letter word % Correct
Color of envy● GREEN ●
98.7%
Ebony● BLACK ●
92.5%
Piece of cakeSLICE
91.4%
Tasteless or plainBLAND
90.8%
Carroll's 'Wonderland' visitorALICE
90.4%
Still kickingALIVE
89.7%
Martini garnish● OLIVE ●
89.7%
Like letters used for a fraternity● GREEK ●
89.4%
Clue 5-Letter word % Correct
Versatile Scrabble tileBLANK
88.3%
Narrow waterwayCREEK
88.3%
Not tautSLACK
87%
Like black iceSLICK
86.9%
A mixtureBLEND
86.7%
Canine classificationBREED
85.7%
Opponent of Rocky BalboaCREED
85.4%
To drain a business of fundsBLEED
81.6%

Today's Daily Dose

Remove Ads.
Support Sporcle.
Get the best of Sporcle when you Go Orange. This ad-free experience offers more features, more stats, and more fun while also helping to support Sporcle. Thank you for becoming a member.

You're not logged in!

Compare scores with friends on all Sporcle quizzes.
OR
Log In

Show Comments

Extras

Top Quizzes Today


Score Distribution

Your Account Isn't Verified!

In order to create a playlist on Sporcle, you need to verify the email address you used during registration. Go to your Sporcle Settings to finish the process.

Report this User

Report this user for behavior that violates our Community Guidelines.

Details: